| 000 | 00596nam a2200229Ia 4500 | ||
|---|---|---|---|
| 003 | OSt | ||
| 005 | 20221006164307.0 | ||
| 006 | a|||||r|||| 00| 0 | ||
| 007 | ta | ||
| 008 | 221006b |||||||| |||| 00| 0 eng d | ||
| 024 | _a1,860 | ||
| 037 | _cTextual | ||
| 040 |
_aFML _cFML _beng |
||
| 041 |
_2eng _aeng |
||
| 082 | _aNR44,3, P1 | ||
| 100 |
_aNarmadha M Au. _9677072 |
||
| 245 | 0 | _aIndian Music and Sancaras In Ragas | |
| 260 |
_aDelhi _bSanjay Prakashan _c2001 |
||
| 300 |
_a529 _ccm. |
||
| 942 |
_hNR44,3, P1 _cTEXL _2CC |
||
| 999 |
_c1116766 _d1116766 |
||